[Event "?"]
[Site "?"]
[Date "????.??.??"]
[Round "?"]
[White "Hammond, Andrew"]
[Black "L'Henoret, Thierry"]
[Result "1/2-1/2"]
[WhiteElo "2210"]
[BlackElo "2094"]
[Annotator "4-08"]
[PlyCount "39"]
[SourceDate "2004.08.11"]

1. d4 d5 2. c4 dxc4 3. Nf3 Nf6 4. Nc3 a6 5. e4 b5 6. e5 Nd5 7. a4 e6 8. axb5
Bb4 9. Bd2 Nb6 10. Be2 Bb7 11. O-O O-O 12. Qc2 h6 13. Rfd1 Bxc3 14. Bxc3 axb5
15. b3 Rxa1 16. Rxa1 Bd5 17. Nd2 Nc6 18. bxc4 Nxc4 19. Nxc4 bxc4 20. Qa4
1/2-1/2

[Event "?"]
[Site "?"]
[Date "????.??.??"]
[Round "?"]
[White "Donati, Roberto"]
[Black "Hater, David"]
[Result "1-0"]
[WhiteElo "2166"]
[BlackElo "2012"]
[Annotator "4-22"]
[PlyCount "54"]
[SourceDate "2004.08.11"]

1. c4 Nf6 2. d3 g6 3. Bg5 Bg7 4. Qd2 d5 5. cxd5 Qxd5 6. Nc3 Qa5 7. Bh6 O-O 8.
Bxg7 Kxg7 9. h4 h5 10. Nf3 c5 11. g3 Nc6 12. Bg2 Bg4 13. O-O Nd4 14. Rae1 Nxf3+
15. exf3 Be6 16. f4 Qc7 17. Ne4 Rac8 18. b3 b6 19. Ng5 Bd5 20. Bh3 e6 21. Qc3
Qd8 22. Re3 Re8 23. Rfe1 Bc6 24. Bxe6 fxe6 25. Nxe6+ Rxe6 26. Rxe6 Rc7 27. Qe5
Kf7 1-0

[Event "?"]
[Site "?"]
[Date "????.??.??"]
[Round "?"]
[White "Cheung, Jan"]
[Black "Krainski, Slawomir"]
[Result "*"]
[WhiteElo "2100"]
[BlackElo "2194"]
[Annotator "4-25"]
[PlyCount "73"]
[SourceDate "2004.08.11"]

1. d4 d5 2. c4 e5 3. dxe5 d4 4. Nf3 Nc6 5. g3 Nge7 6. Bg2 Ng6 7. Bg5 Qd7 8. O-O
Ngxe5 9. Nxe5 Nxe5 10. Qb3 h6 11. Bf4 Nc6 12. Rd1 Bd6 13. Bxc6 Qxc6 14. Rxd4
Bc5 15. Rd2 a6 16. Nc3 O-O 17. Nd5 Bh3 18. Bxc7 Rfe8 19. Bb6 Bf8 20. Rc1 Re4
21. Qd3 Rae8 22. a3 Bf5 23. e3 R4e5 24. Qd4 Be4 25. Nc7 R8e7 26. f4 Rh5 27. Qd8
g6 28. Rd6 Qa4 29. Nd5 Bxd5 30. Rxd5 Re8 31. Qd7 Qxd7 32. Rxd7 Bc5 33. Bxc5
Rxc5 34. b4 Rc6 35. Kf2 Rce6 36. Rc3 Rb8 37. Rcd3 *

[Event "?"]
[Site "?"]
[Date "????.??.??"]
[Round "?"]
[White "Drabke, Lorenz Maximilian"]
[Black "Karbowiak, Adam"]
[Result "1-0"]
[WhiteElo "2428"]
[BlackElo "2256"]
[Annotator "4-01"]
[PlyCount "63"]
[SourceDate "2004.08.11"]

1. e4 e6 2. d3 d5 3. Nd2 Nf6 4. Ngf3 c5 5. g3 Nc6 6. Bg2 Be7 7. O-O O-O 8. Re1
Qc7 9. e5 Nd7 10. Qe2 b5 11. h4 b4 12. Nf1 a5 13. Bf4 Ba6 14. Ne3 Nb6 15. Ng5
c4 16. Qh5 Bxg5 17. hxg5 Rfc8 18. dxc4 Bxc4 19. Bf3 Qd8 20. Kg2 g6 21. Qh3 Kf8
22. Qxh7 Ke7 23. b3 Bb5 24. Rad1 Qh8 25. Qh6 a4 26. Ng4 axb3 27. axb3 Ra2 28.
Rd2 Na5 29. c4 Qxh6 30. gxh6 Rxd2 31. Bxd2 Naxc4 32. Bxb4+ 1-0

[Event "?"]
[Site "?"]
[Date "????.??.??"]
[Round "?"]
[White "Adolfssen, Rico"]
[Black "De Cat, Ben"]
[Result "0-1"]
[WhiteElo "1707"]
[BlackElo "1988"]
[Annotator "4-35"]
[PlyCount "90"]
[SourceDate "2004.08.11"]

1. e4 Nf6 2. Nc3 d5 3. e5 Ng8 4. d4 Bf5 5. f4 e6 6. Nf3 c5 7. Ne2 Nc6 8. c3 h5
9. Be3 Qb6 10. Qd2 Nh6 11. h3 Be7 12. dxc5 Bxc5 13. Bxc5 Qxc5 14. Ned4 a6 15.
Be2 g6 16. Ng5 Ke7 17. Rg1 Rac8 18. Ngf3 Be4 19. Ng5 Nf5 20. Nxe4 dxe4 21.
Nxc6+ Qxc6 22. g4 Rhd8 23. Qc1 Qc5 24. Rg2 hxg4 25. hxg4 Nh4 26. Rg3 Nf3+ 27.
Bxf3 exf3 28. Rxf3 Qg1+ 29. Ke2 Qg2+ 30. Ke3 Rd3+ 31. Kxd3 Qxf3+ 32. Kc2 Qe4+
33. Kb3 b5 34. a4 Qc4+ 35. Kc2 bxa4 36. Qf1 Qb3+ 37. Kc1 Rc4 38. Qd3 Rxf4 39.
Qd6+ Ke8 40. Qxa6 Kf8 41. Qe2 Qb6 42. Qd1 Qb5 43. Qd8+ Kg7 44. Ra3 Qf1+ 45. Qd1
Qg2 0-1

[Event "?"]
[Site "?"]
[Date "????.??.??"]
[Round "?"]
[White "Parker, Glen"]
[Black "Capezza , Marco"]
[Result "*"]
[WhiteElo "1900"]
[BlackElo "2121"]
[Annotator "4-26"]
[PlyCount "125"]
[SourceDate "2004.08.11"]

1. e4 c5 2. Nf3 e6 3. d4 cxd4 4. Nxd4 a6 5. Nc3 Qc7 6. Be3 Nf6 7. a3 Nc6 8. Be2
Be7 9. Qd2 d6 10. f4 O-O 11. g4 Re8 12. g5 Nd7 13. f5 Nde5 14. h4 b5 15. Nxc6
Qxc6 16. f6 gxf6 17. gxf6 Bxf6 18. Bh6 Qc7 19. O-O-O Qe7 20. Qf4 Ng6 21. Qg3
Bxh4 22. Qh3 Bg5+ 23. Bxg5 Qxg5+ 24. Kb1 Kf8 25. Qxh7 Ke7 26. Rdf1 Ne5 27. Rhg1
Qe3 28. Bh5 Rf8 29. Rg7 Qh3 30. Rgxf7+ Rxf7 31. Rxf7+ Nxf7 32. Qxf7+ Kd8 33. e5
Qf5 34. Qe8+ Kc7 35. Qe7+ Kb8 36. Qxd6+ Kb7 37. Qe7+ Kb6 38. Qd6+ Kb7 39. Be8
Qf1+ 40. Ka2 Qc4+ 41. Kb1 Qc7 42. Qb4 Bd7 43. Qe4+ Bc6 44. Bxc6+ Qxc6 45. Qh7+
Kb6 46. Ne4 Qd5 47. Nd6 Rf8 48. Qd3 Qxd3 49. cxd3 Kc5 50. Kc2 Kd4 51. Ne4 Rg8
52. b4 Rg4 53. Nc5 Rg2+ 54. Kb3 a5 55. Nxe6+ Kxe5 56. Nc7 a4+ 57. Kc3 Ra2 58.
Nxb5 Kd5 59. d4 Kc6 60. Kc4 Ra1 61. Nc3 Rxa3 62. b5+ Kb6 63. d5 *

[Event "?"]
[Site "?"]
[Date "????.??.??"]
[Round "?"]
[White "Celen, Gazi"]
[Black "Nielsen, Rene Ole"]
[Result "0-1"]
[WhiteElo "2119"]
[BlackElo "2202"]
[Annotator "4-11"]
[PlyCount "40"]
[EventDate "2004.08.11"]
[SourceDate "2004.08.11"]

1. e4 e5 2. f4 d5 3. exd5 c6 4. dxc6 Nxc6 5. d3 exf4 6. Nf3 Bd6 7. Nc3 Qb6 8.
d4 Bg4 9. Bb5 O-O-O 10. Bxc6 bxc6 11. O-O Ne7 12. Ne4 Bc7 13. Nc5 Bxf3 14. Qxf3
Rxd4 15. Qg4+ f5 16. Qxg7 Qxc5 17. Be3 Be5 18. Qxh8+ Bxh8 19. Bf2 Qd5 20. a4
Rd2 0-1

[Event "?"]
[Site "?"]
[Date "????.??.??"]
[Round "?"]
[White "Stuhr, Finn"]
[Black "Alaslar, Devrim"]
[Result "0-1"]
[WhiteElo "1483"]
[BlackElo "2051"]
[Annotator "4-32"]
[PlyCount "68"]
[EventDate "2004.08.11"]
[SourceDate "2004.08.11"]

1. e4 c5 2. Nf3 Nc6 3. Bb5 e6 4. d4 cxd4 5. Nxd4 Qb6 6. Bxc6 bxc6 7. O-O d5 8.
exd5 cxd5 9. Nb3 Nf6 10. Be3 Be7 11. Nc3 Ba6 12. Re1 Bd6 13. h3 O-O 14. Bg5 Nd7
15. Nd4 Rab8 16. Rb1 Ne5 17. a4 Ng6 18. Ndb5 Qc6 19. Nxd6 Qxd6 20. Ne4 Qb4 21.
c3 Qc4 22. Ng3 Bb7 23. Qd2 Bc6 24. Nh5 Rb7 25. b3 Rxb3 26. Rxb3 Qxb3 27. Qd4 e5
28. Rxe5 Nxe5 29. Qxe5 Qb1+ 30. Kh2 Qg6 31. Nf4 Qe4 32. Qd6 Ba8 33. Qd7 h6 34.
Be7 Qxf4+ 0-1

[Event "?"]
[Site "?"]
[Date "????.??.??"]
[Round "?"]
[White "Keough, Robert"]
[Black "van  Run, Rieke"]
[Result "1/2-1/2"]
[WhiteElo "2080"]
[BlackElo "2133"]
[Annotator "4-24"]
[PlyCount "41"]
[EventDate "2004.08.11"]
[SourceDate "2004.08.11"]

1. e4 e5 2. Nf3 Nc6 3. Bc4 Bc5 4. c3 Nf6 5. d3 h6 6. O-O d6 7. Re1 O-O 8. Nbd2
Qe7 9. Nf1 a6 10. Bb3 Kh8 11. Ng3 Be6 12. Bxe6 fxe6 13. d4 Bb6 14. h3 Qf7 15.
Be3 Nd7 16. Rc1 Rad8 17. Rc2 Kg8 18. h4 Qe7 19. h5 Rf7 20. d5 Ncb8 21. Bxb6
1/2-1/2

[Event "?"]
[Site "?"]
[Date "????.??.??"]
[Round "?"]
[White "Sari, Serdar"]
[Black "Bon, Michael"]
[Result "0-1"]
[WhiteElo "1906"]
[BlackElo "2163"]
[Annotator "4-16"]
[PlyCount "70"]
[EventDate "2004.08.11"]
[SourceDate "2004.08.11"]

1. d4 d5 2. c4 Nc6 3. cxd5 Qxd5 4. Nf3 e5 5. Nc3 Bb4 6. Bd2 Bxc3 7. Bxc3 e4 8.
Nd2 Nf6 9. e3 O-O 10. Qc2 Re8 11. h3 Rb8 12. Rc1 Qg5 13. g3 Bf5 14. Be2 Qh6 15.
Qb3 Be6 16. Bc4 Bxc4 17. Qxc4 Qh5 18. b4 Nd5 19. b5 Nce7 20. g4 Qh4 21. Ke2 f5
22. Bb4 Rbd8 23. Rcg1 f4 24. Nxe4 Kh8 25. Be1 Qh6 26. Bd2 Nc8 27. f3 fxe3 28.
Bc1 Qe6 29. Qb3 Nd6 30. Ng5 Nf4+ 31. Ke1 Qf6 32. Ne4 Nxe4 33. fxe4 Qxd4 34.
Bxe3 Qxe4 35. Rg3 Qxh1+ 0-1

[Event "?"]
[Site "?"]
[Date "????.??.??"]
[Round "?"]
[White "Horvath, Milos"]
[Black "Marek, Mariusz"]
[Result "0-1"]
[WhiteElo "1735"]
[BlackElo "2155"]
[Annotator "4-17"]
[PlyCount "72"]
[EventDate "2004.08.11"]
[SourceDate "2004.08.11"]

1. d4 Nf6 2. c4 e6 3. Nc3 Bb4 4. Bg5 O-O 5. Qc2 d5 6. e3 Nbd7 7. c5 Qe8 8. f4
Ne4 9. Bd3 Nxg5 10. fxg5 e5 11. O-O-O e4 12. Be2 c6 13. h4 Qe7 14. Nh3 b6 15.
cxb6 axb6 16. Kb1 Bb7 17. h5 Rfc8 18. g6 fxg6 19. hxg6 h6 20. Nf4 Nf6 21. Rdf1
c5 22. Nh5 cxd4 23. Nxf6+ gxf6 24. exd4 Kg7 25. Rh5 Qc7 26. Rh3 Bxc3 27. bxc3
Ra3 28. Qd2 Rh8 29. Rfh1 Qe7 30. Rxh6 e3 31. Rh7+ Rxh7 32. Rxh7+ Kg8 33. Rxe7
exd2 34. Bd1 Ba6 35. Re8+ Kg7 36. Bc2 Rxc3 {Unclear notations} 0-1

[Event "?"]
[Site "?"]
[Date "????.??.??"]
[Round "?"]
[White "Bellardi, Michel"]
[Black "Leblanc, Paul"]
[Result "0-1"]
[WhiteElo "2063"]
[BlackElo "1884"]
[Annotator "4-29"]
[PlyCount "96"]
[EventDate "2004.08.11"]
[SourceDate "2004.08.11"]

1. d4 d5 2. c4 c6 3. Nc3 Nf6 4. Bg5 e6 5. e3 a6 6. Bd3 b5 7. cxd5 cxd5 8. a3
Nbd7 9. Nge2 Bb7 10. O-O Be7 11. Rc1 O-O 12. f3 Rc8 13. Bf4 Nb6 14. e4 Nc4 15.
Qc2 h6 16. e5 Nd7 17. Bd2 Ndb6 18. f4 Nxd2 19. Qxd2 Nc4 20. Bxc4 dxc4 21. Ng3
Qb6 22. Rcd1 Rfd8 23. Qf2 f5 24. exf6 Bxf6 25. Nce2 g6 26. Qe3 Kh7 27. Ne4 Bg7
28. Rf3 a5 29. Rh3 Kg8 30. Rg3 e5 31. fxe5 Bxe5 32. Rh3 Bg7 33. Kh1 Re8 34. d5
Qxe3 35. Rxe3 Rcd8 36. N2g3 Bxb2 37. d6 Bg7 38. Rde1 Bc6 39. h3 Bd4 40. R3e2
Be5 41. Nf1 Kg7 42. Nfd2 Bxd6 43. Nxd6 Rxe2 44. Nf5+ gxf5 45. Rxe2 c3 46. Nb3
Be4 47. Nc5 Rd1+ 48. Kh2 c2 0-1

[Event "?"]
[Site "?"]
[Date "????.??.??"]
[Round "?"]
[White "Lillevold, Frode"]
[Black "Schott, Guido"]
[Result "1/2-1/2"]
[WhiteElo "2097"]
[BlackElo "2195"]
[Annotator "4-12"]
[PlyCount "82"]
[EventDate "2004.08.11"]
[SourceDate "2004.08.11"]

1. d4 d6 2. e4 Nf6 3. Nc3 g6 4. f4 Bg7 5. Nf3 O-O 6. Bd3 Nc6 7. e5 dxe5 8. dxe5
Nd5 9. Nxd5 Qxd5 10. Qe2 Bf5 11. Bxf5 gxf5 12. Be3 Rad8 13. O-O f6 14. exf6
Bxf6 15. c3 a6 16. Rfe1 Kh8 17. Kh1 Rg8 18. Red1 Qe4 19. Rd2 Rxd2 20. Nxd2 Qc2
21. Rb1 Rd8 22. Qd1 Qd3 23. Qe1 b5 24. Nf3 Qe4 25. Qg1 Qc2 26. Nd4 Nxd4 27.
Bxd4 Bxd4 28. cxd4 Qe4 29. Re1 Qxd4 30. Rxe7 Qxg1+ 31. Kxg1 Rd2 32. b4 Rxa2 33.
Rxc7 Ra4 34. Rc6 Rxb4 35. Rxa6 Rxf4 36. Rb6 Rb4 37. Rf6 f4 38. Kf2 Kg7 39. Rb6
Rb1 40. Kf3 Rb4 41. Kg4 Rb2 1/2-1/2

[Event "?"]
[Site "?"]
[Date "????.??.??"]
[Round "?"]
[White "Wagenaar, Harm-Theo"]
[Black "Smith, Bryan"]
[Result "1/2-1/2"]
[WhiteElo "2130"]
[BlackElo "1400"]
[Annotator "4-36"]
[PlyCount "66"]
[EventDate "2004.08.11"]
[SourceDate "2004.08.11"]

1. c4 c5 2. g3 Nc6 3. Bg2 e6 4. Nc3 Rb8 5. e4 d6 6. d3 Be7 7. Nge2 Nf6 8. O-O
O-O 9. h3 b6 10. f4 Bb7 11. Be3 d5 12. Bf2 d4 13. Nb1 Nd7 14. Nd2 f6 15. Nf3 e5
16. f5 a6 17. g4 Qe8 18. Ng3 Kh8 19. Qd2 Rg8 20. h4 g6 21. fxg6 Qxg6 22. Bh3
Bc8 23. Kh2 Nf8 24. Nf5 Bxf5 25. gxf5 Qf7 26. Rg1 Nd7 27. a3 Rxg1 28. Rxg1 Rg8
29. Bg3 Bf8 30. Rg2 Qh5 31. Qe2 Bh6 32. Ng1 Qxe2 33. Nxe2 Rc8 1/2-1/2

[Event "?"]
[Site "?"]
[Date "????.??.??"]
[Round "?"]
[White "Csolto, Robert"]
[Black "Skinzier, Saturnin"]
[Result "1-0"]
[WhiteElo "2348"]
[BlackElo "2247"]
[Annotator "4-03"]
[PlyCount "103"]
[SourceDate "2004.08.11"]

1. e4 c5 2. Nf3 Nc6 3. d4 cxd4 4. Nxd4 e5 5. Nb5 d6 6. N1c3 a6 7. Na3 b5 8. Nd5
Nf6 9. Bg5 Be7 10. Bxf6 Bxf6 11. c3 O-O 12. Nc2 Bg5 13. a4 bxa4 14. Rxa4 Bb7
15. Bc4 Na5 16. Be2 Nb3 17. O-O a5 18. f3 Kh8 19. Rf2 g6 20. Bc4 Nc5 21. Ra2 a4
22. Ra1 Bh6 23. Qe2 f5 24. exf5 gxf5 25. Rd1 Ra7 26. Kh1 Ba8 27. Ncb4 Rg7 28.
g3 Bb7 29. Rg2 Rg6 30. Bb5 Qa8 31. Rf2 Qd8 32. Bc6 Bxc6 33. Nxc6 Qe8 34. Ncb4
Rfg8 35. Nd3 Nb3 36. f4 e4 37. N3b4 Rg4 38. Nf6 Qg6 39. Nxg8 Qxg8 40. Rxd6 Bf8
41. Rd8 Nc5 42. Rf1 Rg6 43. Rfd1 Qf7 44. Qe3 Kg7 45. R1d5 Be7 46. Rc8 Ne6 47.
Rd7 Nf8 48. Ra7 Rd6 49. Nc6 Rxc6 50. Rxc6 Ne6 51. Rxa4 Nd8 52. Rc7 1-0

[Event "?"]
[Site "?"]
[Date "????.??.??"]
[Round "?"]
[White "Durik, Peter"]
[Black "Wantiez, Fabrice"]
[Result "1-0"]
[WhiteElo "2127"]
[BlackElo "2207"]
[Annotator "4-09"]
[PlyCount "37"]
[SourceDate "2004.08.11"]

1. e4 e5 2. Nc3 Nf6 3. f4 Bb4 4. fxe5 Bxc3 5. dxc3 Ng8 6. Nf3 Ne7 7. Bc4 Ng6 8.
O-O Qe7 9. Qd5 O-O 10. Be3 d6 11. exd6 cxd6 12. Ng5 Ne5 13. Nxf7 Nxc4 14. Nh6+
Kh8 15. Rxf8+ Qxf8 16. Nf7+ Kg8 17. Rf1 Qe7 18. Nh6+ Kh8 19. Qg8# 1-0

[Event "?"]
[Site "?"]
[Date "????.??.??"]
[Round "?"]
[White "Deleyn, Gunther"]
[Black "Kilic, Mehmet"]
[Result "1/2-1/2"]
[WhiteElo "2275"]
[BlackElo "1799"]
[Annotator "4-18"]
[PlyCount "67"]
[SourceDate "2004.08.11"]

1. c4 g6 2. g3 Bg7 3. Bg2 Nf6 4. Nc3 O-O 5. e3 e5 6. Nge2 c6 7. O-O d5 8. cxd5
cxd5 9. d4 e4 10. Nf4 Be6 11. Qb3 Qd7 12. f3 exf3 13. Bxf3 Rd8 14. Nxe6 fxe6
15. Bd2 Nc6 16. Bg2 Rf8 17. Qb5 Rf7 18. Rf2 Raf8 19. Raf1 Ng4 20. Rxf7 Rxf7 21.
Rxf7 Qxf7 22. Qe2 h5 23. h3 Nh6 24. Be1 g5 25. Bf3 Qf5 26. g4 hxg4 27. hxg4 Qf7
28. Kg2 a6 29. Bf2 Qc7 30. Qd3 Qf7 31. e4 e5 32. dxe5 Nxe5 33. Qxd5 Nhxg4 34.
Bxg4 1/2-1/2

[Event "?"]
[Site "?"]
[Date "????.??.??"]
[Round "?"]
[White "Kocur, Marc"]
[Black "Morrison, Munroe"]
[Result "1-0"]
[WhiteElo "2013"]
[BlackElo "1720"]
[Annotator "4-33"]
[PlyCount "69"]
[SourceDate "2004.08.11"]

1. Nc3 d6 2. g3 Nf6 3. Bg2 g6 4. d3 Bg7 5. Bd2 O-O 6. Qc1 Re8 7. h4 h5 8. Nh3
c6 9. Nd1 e5 10. c4 e4 11. d4 Ng4 12. e3 d5 13. cxd5 cxd5 14. Nf4 Nf6 15. Qc2
b6 16. Rc1 Na6 17. Qa4 Bb7 18. Bh3 Nc7 19. Rc3 Bc8 20. Qc6 Bxh3 21. Qxc7 Qxc7
22. Rxc7 Rec8 23. Rxc8+ Bxc8 24. Bb4 a5 25. Be7 Be6 26. Nc3 Rc8 27. Kd2 Ng4 28.
Rf1 Nh2 29. Rc1 Nf3+ 30. Kd1 Bg4 31. Nce2 Re8 32. Rc7 Nxd4 33. exd4 Bxd4 34.
Nxd5 Bxf2 35. Nf6+ 1-0

[Event "?"]
[Site "?"]
[Date "????.??.??"]
[Round "?"]
[White "McInnes, Neil"]
[Black "Mottais, Francois"]
[Result "0-1"]
[WhiteElo "1880"]
[BlackElo "2062"]
[Annotator "4-30"]
[PlyCount "67"]
[SourceDate "2004.08.11"]

1. f4 d5 2. Nf3 Nf6 3. e3 Bg4 4. Be2 e6 5. d3 Nbd7 6. O-O Bd6 7. Nc3 c6 8. d4
Bxf3 9. Bxf3 Qc7 10. a4 h6 11. b3 g5 12. g3 gxf4 13. exf4 a6 14. Ne2 h5 15. c4
h4 16. c5 Be7 17. b4 hxg3 18. hxg3 Ne4 19. Bxe4 dxe4 20. Be3 f5 21. Qb3 Kf7 22.
Kg2 Rh7 23. Rh1 Rah8 24. Rxh7+ Rxh7 25. b5 Qc8 26. Rh1 Rxh1 27. Kxh1 Qh8+ 28.
Kg2 Qh5 29. Ng1 Nf6 30. bxc6 bxc6 31. Bf2 Nd5 32. a5 Qg4 33. Nh3 Qe2 34. Qb7
0-1

[Event "?"]
[Site "?"]
[Date "????.??.??"]
[Round "?"]
[White "Lebel, Patrick"]
[Black "Prostler, Andre"]
[Result "0-1"]
[WhiteElo "2151"]
[BlackElo "1953"]
[Annotator "4-23"]
[PlyCount "72"]
[SourceDate "2004.08.11"]

1. Nf3 e6 2. b3 c5 3. Bb2 Nf6 4. e3 d5 5. d4 Nc6 6. Nbd2 a6 7. Bd3 b5 8. dxc5
Bxc5 9. O-O O-O 10. a3 Bd6 11. e4 d4 12. Nxd4 Nxd4 13. Bxd4 Bxh2+ 14. Kxh2 Qxd4
15. Nf3 Qc5 16. Qd2 Bb7 17. Qf4 Qh5+ 18. Kg1 Ng4 19. Rfe1 Rac8 20. Nh2 Ne5 21.
Be2 Ng6 22. Qxf7+ Rxf7 23. Bxh5 Rxc2 24. f3 Rd7 25. Bxg6 Rdd2 26. Ng4 Rxg2+ 27.
Kf1 hxg6 28. Rac1 a5 29. Rxc2 Rxc2 30. Rd1 Rc3 31. Ne5 Rxb3 32. Rd7 Bxe4 33.
fxe4 Rxa3 34. Rb7 Rb3 35. Rb8+ Kh7 36. Nf7 Rf3+ 0-1

[Event "?"]
[Site "?"]
[Date "????.??.??"]
[Round "?"]
[White "Khalil, Vincent"]
[Black "van de Walle, Rob"]
[Result "0-1"]
[WhiteElo "2129"]
[BlackElo "1935"]
[Annotator "4-37"]
[PlyCount "80"]
[SourceDate "2004.08.11"]

1. e4 c5 2. Nf3 d6 3. d4 cxd4 4. Nxd4 Nf6 5. Nc3 Nc6 6. Bc4 Qb6 7. Nb3 e6 8.
Qe2 Be7 9. Be3 Qc7 10. f3 a6 11. a4 b6 12. O-O O-O 13. Kh1 Ne5 14. Bd3 Bb7 15.
f4 Nxd3 16. cxd3 Rfc8 17. Rac1 Qd8 18. Nd4 g6 19. Nf3 Bc6 20. Nd4 Bb7 21. Nf3
Bc6 22. h3 b5 23. axb5 axb5 24. g4 b4 25. Nd1 Ra7 26. Nd4 Bb7 27. Rxc8 Qxc8 28.
f5 exf5 29. gxf5 Qa8 30. fxg6 hxg6 31. Bg5 Nxe4 32. dxe4 Bxe4+ 33. Kh2 Bxg5 34.
Qf2 Qd5 35. Nf3 Bf4+ 36. Kg1 Ra1 37. Ne3 Bxe3 38. Qxe3 Rxf1+ 39. Kxf1 Bxf3 40.
Kf2 Be4 0-1

[Event "?"]
[Site "?"]
[Date "????.??.??"]
[Round "?"]
[White "Cooper, Lawrence"]
[Black "Kraft, Matthias"]
[Result "1-0"]
[WhiteElo "2315"]
[BlackElo "2100"]
[Annotator "4-04"]
[PlyCount "125"]
[SourceDate "2004.08.11"]

1. e4 e6 2. d4 d5 3. Nd2 c5 4. exd5 exd5 5. Ngf3 Nc6 6. Bb5 Qe7+ 7. Be2 Bf5 8.
dxc5 O-O-O 9. Nb3 Qe4 10. c3 d4 11. cxd4 Nb4 12. O-O Nc2 13. Ng5 Qe8 14. Bg4
Qd7 15. Bxf5 Qxf5 16. Nxf7 Nxa1 17. Nxh8 Nxb3 18. Qxb3 Nf6 19. Nf7 Rxd4 20. Ng5
Nd5 21. Nf3 Rd3 22. Qc4 Nf6 23. c6 Bc5 24. cxb7+ Kxb7 25. Qb5+ Kc8 26. Be3 Rxe3
27. Qa6+ Kb8 28. fxe3 Bxe3+ 29. Kh1 Ne4 30. Qc4 Nf2+ 31. Rxf2 Bxf2 32. Qg8+ Qc8
33. Qxc8+ Kxc8 34. g3 Kd7 35. Kg2 Bb6 36. Ne5+ Ke6 37. Nc4 Bd8 38. Kf3 Kd5 39.
Ne3+ Ke5 40. Nc4+ Kd5 41. b3 Be7 42. Ke3 g6 43. Kd3 Bf6 44. b4 a6 45. Ne3+ Kd6
46. Kc4 Kc6 47. Ng4 Bg7 48. Nf2 Bf8 49. Ne4 Be7 50. a4 h5 51. h3 g5 52. g4 hxg4
53. hxg4 Bd8 54. Nc5 a5 55. Ne6 Be7 56. Nd4+ Kb6 57. b5 Bb4 58. Nf3 Be7 59. Kd5
Bd8 60. Kd6 Bc7+ 61. Kd5 Bf4 62. Ne5 Bd2 63. Nc4+ 1-0

[Event "?"]
[Site "?"]
[Date "????.??.??"]
[Round "?"]
[White "Bieluszewski, Piotr"]
[Black "Olesen, Michael Jacob"]
[Result "1/2-1/2"]
[WhiteElo "2169"]
[BlackElo "1845"]
[Annotator "4-15"]
[PlyCount "116"]
[SourceDate "2004.08.11"]

1. e4 c5 2. Nf3 e6 3. d4 cxd4 4. Nxd4 Nf6 5. Bd3 Nc6 6. Nxc6 bxc6 7. c4 Bb4+ 8.
Nd2 d5 9. Qa4 Qb6 10. cxd5 exd5 11. O-O O-O 12. exd5 cxd5 13. Nf3 Bd7 14. Qb3
Bc5 15. Qxb6 Bxb6 16. b4 Ba4 17. Bb2 Ne4 18. Rac1 Rac8 19. Nd4 Rfe8 20. Rfe1 g6
21. h3 Nd6 22. Ba6 Rxc1 23. Rxc1 Re4 24. Nf3 Nc4 25. Bxc4 Rxc4 26. Rxc4 dxc4
27. Nd2 Bb5 28. Nb1 Bd7 29. Nd2 Be6 30. a4 a5 31. Bc3 axb4 32. Bxb4 Bd4 33. Ne4
Bd5 34. Bc3 Bxe4 35. Bxd4 Kf8 36. f3 Bd5 37. Kf2 h5 38. Ke3 Ke7 39. Bc5+ Kd7
40. Kd4 Kc6 41. Bb4 Be6 42. Ke5 Bd5 43. Bc3 Be6 44. g4 hxg4 45. hxg4 Kc5 46.
Kf6 Kd5 47. Kg5 f5 48. Kf4 fxg4 49. fxg4 Kc5 50. Kg5 Kd5 51. Bd2 Kc5 52. Kf4
Kd5 53. Be3 c3 54. a5 Kc6 55. a6 Kc7 56. g5 Bc8 57. a7 Kb7 58. Ke5 c2 1/2-1/2

[Event "?"]
[Site "?"]
[Date "????.??.??"]
[Round "?"]
[White "Zilka, Jozef"]
[Black "Champeau, Jayson"]
[Result "1-0"]
[WhiteElo "1458"]
[BlackElo "1056"]
[Annotator "4-41"]
[PlyCount "75"]
[EventDate "2004.08.11"]
[SourceDate "2004.08.11"]

1. d4 Nf6 2. Nf3 d5 3. Bg5 e6 4. e3 c5 5. Nc3 c4 6. Be2 Bd7 7. O-O Qb6 8. b3
Bb4 9. Nb1 Ne4 10. bxc4 f6 11. Bh4 g5 12. Bg3 Nxg3 13. fxg3 Qd6 14. cxd5 Qxd5
15. a3 Ba5 16. Nfd2 f5 17. c4 Qd6 18. Bh5+ Ke7 19. Nf3 g4 20. Ne5 Be8 21. Bxe8
Kxe8 22. Qa4+ Nc6 23. Nxc6 bxc6 24. Qxa5 h5 25. Qe5 Qxe5 26. dxe5 Rd8 27. a4
Rd3 28. Ra3 Rxa3 29. Nxa3 a5 30. Rb1 Rf8 31. c5 Kf7 32. Nc4 Ra8 33. Rb6 Kg6 34.
Rxc6 Rd8 35. Rxe6+ Kg5 36. Rd6 Rf8 37. c6 h4 38. c7 1-0

[Event "?"]
[Site "?"]
[Date "????.??.??"]
[Round "?"]
[White "Moen, Steinar"]
[Black "van den Heuvel, Tonnie"]
[Result "1-0"]
[WhiteElo "2181"]
[BlackElo "1962"]
[Annotator "4-21"]
[PlyCount "41"]
[EventDate "2004.08.11"]
[SourceDate "2004.08.11"]

1. c4 Nf6 2. g3 e6 3. Bg2 d5 4. Nf3 c6 5. b3 Nbd7 6. Bb2 Be7 7. O-O O-O 8. d4
b6 9. Nbd2 Ba6 10. Re1 Rc8 11. e4 c5 12. exd5 exd5 13. cxd5 Nxd5 14. Nc4 N7f6
15. Bh3 Ra8 16. Rc1 Re8 17. Nce5 Bb7 18. Ng5 Nc7 19. Ngxf7 Qd5 20. f3 h6 21.
Qd3 1-0

[Event "?"]
[Site "?"]
[Date "????.??.??"]
[Round "?"]
[White "Bruns, Michael"]
[Black "Lebrun, Roger"]
[Result "1/2-1/2"]
[WhiteElo "2071"]
[BlackElo "1938"]
[Annotator "4-27"]
[PlyCount "32"]
[EventDate "2004.08.11"]
[SourceDate "2004.08.11"]

1. e4 e5 2. Nf3 Nc6 3. Bc4 Bc5 4. O-O Nf6 5. d4 exd4 6. e5 d5 7. exf6 dxc4 8.
Re1+ Be6 9. Ng5 Qd5 10. Nc3 Qf5 11. Nce4 g6 12. Nxe6 fxe6 13. g4 Qd5 14. f7+
Kd8 15. Nxc5 Qxc5 16. Bh6 Kd7 1/2-1/2

[Event "?"]
[Site "?"]
[Date "????.??.??"]
[Round "?"]
[White "O'neill, Steve"]
[Black "Shea, Joseph"]
[Result "1-0"]
[WhiteElo "1320"]
[BlackElo "1585"]
[Annotator "4-40"]
[PlyCount "67"]
[EventDate "2004.08.11"]
[SourceDate "2004.08.11"]

1. d4 e6 2. Nf3 d5 3. Bg5 Nf6 4. e3 Be7 5. Bd3 Nbd7 6. Nbd2 c5 7. c3 O-O 8. Rc1
c4 9. Bb1 b5 10. Qc2 Re8 11. Ne5 Nf8 12. h4 h5 13. Rh3 Qc7 14. Rg3 N6d7 15. Bh6
Bf6 16. f4 Bxh4 17. Nf1 f5 18. Qf2 Bxg3 19. Qxg3 Nxe5 20. fxe5 Kh7 21. Bg5 g6
22. Qh3 Qf7 23. Kd2 Nd7 24. Ng3 Rh8 25. Rf1 Kg8 26. e4 Qg7 27. exd5 exd5 28.
Ne2 f4 29. Qh4 Qf7 30. Rxf4 Qe6 31. Bf6 Nxf6 32. Rxf6 Qe8 33. Rxg6+ Kf8 34.
Qf6+ 1-0

[Event "?"]
[Site "?"]
[Date "????.??.??"]
[Round "?"]
[White "Toll, Alec"]
[Black "Victoria, Narciso"]
[Result "1-0"]
[WhiteElo "2091"]
[BlackElo "2192"]
[Annotator "4-13"]
[PlyCount "77"]
[EventDate "2004.08.11"]
[SourceDate "2004.08.11"]

1. g3 d5 2. f4 Nf6 3. Nf3 g6 4. Bg2 Bg7 5. d3 c5 6. O-O Nc6 7. Qe1 d4 8. Na3
Be6 9. c4 O-O 10. Nc2 a5 11. Na3 Qd7 12. Nb5 Bh3 13. Qf2 Bxg2 14. Qxg2 e5 15.
fxe5 Ng4 16. e6 fxe6 17. Bd2 Bh6 18. Bxh6 Nxh6 19. Ng5 Qe7 20. Ne4 Ng4 21.
Rxf8+ Rxf8 22. Rf1 Rf5 23. Ned6 Rxf1+ 24. Qxf1 Ne3 25. Qf2 Na7 26. Qf3 Nxb5 27.
Nxb5 Nd1 28. b3 Ne3 29. Qf4 e5 30. Qf3 Kg7 31. Kf2 h5 32. h3 Qd7 33. Kg1 Qxh3
34. Qxb7+ Kh6 35. Qf3 Nf5 36. Kf2 Ne3 37. Qf8+ Kg5 38. Qe7+ Kg4 39. Qe6+ 1-0

[Event "?"]
[Site "?"]
[Date "????.??.??"]
[Round "?"]
[White "van Zandwijk, Jan Peter"]
[Black "Indbryn, Tommy"]
[Result "0-1"]
[WhiteElo "2256"]
[BlackElo "2129"]
[Annotator "4-06"]
[PlyCount "116"]
[EventDate "2004.08.11"]
[SourceDate "2004.08.11"]

1. e4 c5 2. Nf3 d6 3. c3 Nf6 4. Be2 Nc6 5. d4 e5 6. dxc5 Nxe4 7. cxd6 Bxd6 8.
O-O O-O 9. Be3 Nf6 10. h3 Qe7 11. Re1 Rd8 12. Qc2 Nd5 13. Bg5 f6 14. Bh4 Be6
15. Bd3 g5 16. Bg3 Rac8 17. Bf5 Nf4 18. Bxf4 gxf4 19. Bxe6+ Qxe6 20. Qb3 Qxb3
21. axb3 f5 22. b4 a6 23. Nfd2 Kf7 24. Nb3 e4 25. Na5 Nxa5 26. Rxa5 Ke6 27. Kf1
Bc7 28. Rc5 Bb6 29. Rxc8 Rxc8 30. Nd2 Rd8 31. Nb3 Rd3 32. Ke2 f3+ 33. gxf3 Rxf3
34. Nc5+ Bxc5 35. bxc5 Rxh3 36. Rd1 Rd3 37. Rh1 Rd7 38. f3 exf3+ 39. Kxf3 Kd5
40. Kf4 Kxc5 41. Kxf5 b5 42. Rh4 a5 43. b4+ axb4 44. cxb4+ Kd5 45. Kf4 Kd4 46.
Kf3+ Kc3 47. Ke2 Rd4 48. Rxh7 Kxb4 49. Rh1 Kc3 50. Rb1 b4 51. Ke3 Rd6 52. Rc1+
Kb2 53. Rc8 b3 54. Rb8 Kc2 55. Rc8+ Kb1 56. Rb8 b2 57. Ra8 Rd5 58. Ke4 Rb5 0-1